[Event "chess.com SpeedChess 2024"]
[Site "chess.com INT"]
[Date "2024.07.29"]
[Round "1.10"]
[White "Grischuk, Alexander"]
[Black "Firouzja, Alireza"]
[Result "0-1"]
[WhiteTitle "GM"]
[BlackTitle "GM"]
[WhiteElo "2708"]
[BlackElo "2744"]
[WhiteFideId "4126025"]
[BlackFideId "12573981"]
[EventDate "2024.07.25"]
[EventType "k.o."]

1. d4 Nf6 2. c4 e6 3. Bg5 c5 4. d5 exd5 5. cxd5 h6 6. Bf4 g5 7. Bc1 Bg7 8. Nc3
b5 9. Nxb5 Qa5+ 10. Nc3 Ne4 11. Bd2 Nxc3 12. bxc3 Bxc3 13. Nf3 d6 14. Rc1 Bxd2+
15. Nxd2 Bf5 16. h4 g4 17. e4 Bxe4 18. Qxg4 Kd8 19. Rh3 Bxd5 20. Bc4 Re8+ 21.
Re3 Rxe3+ 22. fxe3 Bc6 23. Ke2 Nd7 24. Qg8+ Kc7 25. Qxf7 Rf8 26. Qe7 Rf2+ 0-1

[Event "chess.com SpeedChess 2024"]
[Site "chess.com INT"]
[Date "2024.07.29"]
[Round "1.11"]
[White "Firouzja, Alireza"]
[Black "Grischuk, Alexander"]
[Result "0-1"]
[WhiteTitle "GM"]
[BlackTitle "GM"]
[WhiteElo "2744"]
[BlackElo "2708"]
[WhiteFideId "12573981"]
[BlackFideId "4126025"]
[EventDate "2024.07.25"]
[EventType "k.o."]

1. e4 e6 2. d4 d5 3. Nc3 Nf6 4. e5 Nfd7 5. f4 c5 6. Nf3 Nc6 7. Be3 cxd4 8. Nxd4
Qb6 9. Qd2 Qxb2 10. Rb1 Qa3 11. Bb5 Nxd4 12. Bxd4 a6 13. Bxd7+ Bxd7 14. Rb3 Qe7
15. Rxb7 Qh4+ 16. Bf2 Qd8 17. Bb6 Qc8 18. Rc7 Qd8 19. Qd4 Ba3 20. O-O Rc8 21.
Nb1 Rxc7 22. Nxa3 Qc8 23. Nb5 Bxb5 24. Bxc7 Qxc7 25. Rf3 O-O 0-1

[Event "chess.com SpeedChess 2024"]
[Site "chess.com INT"]
[Date "2024.07.29"]
[Round "1.12"]
[White "Grischuk, Alexander"]
[Black "Firouzja, Alireza"]
[Result "1-0"]
[WhiteTitle "GM"]
[BlackTitle "GM"]
[WhiteElo "2708"]
[BlackElo "2744"]
[WhiteFideId "4126025"]
[BlackFideId "12573981"]
[EventDate "2024.07.25"]
[EventType "k.o."]

1. d4 Nf6 2. c4 e6 3. Nf3 Bb4+ 4. Nbd2 O-O 5. a3 Be7 6. e4 d6 7. Be2 a5 8. b3 d5
9. e5 Ne4 10. Qc2 Nxd2 11. Bxd2 a4 12. b4 dxc4 13. Bxc4 Nd7 14. h4 Nb6 15. Bd3
h6 16. Rh3 f5 17. exf6 Bxf6 18. Rg3 Bxh4 19. Rg4 Bf6 20. Bxh6 e5 21. Ng5 Bxg5
22. Bh7+ Kh8 23. Bxg5 Bxg4 24. Bxd8 Raxd8 25. dxe5 Rde8 26. f3 Re6 27. Kf2 Rh6
28. Be4 c6 29. Qc5 Nd7 30. Qe7 Be6 31. Rd1 Nxe5 32. Qxf8+ 1-0

[Event "chess.com SpeedChess 2024"]
[Site "chess.com INT"]
[Date "2024.07.29"]
[Round "1.13"]
[White "Firouzja, Alireza"]
[Black "Grischuk, Alexander"]
[Result "1-0"]
[WhiteTitle "GM"]
[BlackTitle "GM"]
[WhiteElo "2744"]
[BlackElo "2708"]
[WhiteFideId "12573981"]
[BlackFideId "4126025"]
[EventDate "2024.07.25"]
[EventType "k.o."]

1. e4 e6 2. d4 d5 3. e5 c5 4. c3 Nc6 5. Nf3 Qb6 6. a3 Bd7 7. b4 cxd4 8. cxd4 Rc8
9. Be3 Nh6 10. Bd3 Ng4 11. Nbd2 Be7 12. Nb3 Nxe3 13. fxe3 Nb8 14. Nc5 Bb5 15.
O-O O-O 16. Ne1 Qc6 17. Bxb5 Qxb5 18. a4 Qc6 19. b5 Qc7 20. Rc1 Bxc5 21. Rxc5
Qe7 22. Qc2 Rxc5 23. Qxc5 Qxc5 24. dxc5 Rc8 25. Nd3 Nd7 26. Rc1 f6 27. exf6 gxf6
28. a5 Kf7 29. c6 bxc6 30. Rxc6 Rb8 31. Rc7 Ke8 32. Nf4 Rxb5 33. a6 Ra5 34. Rxa7
Nc5 35. Nh5 Nd7 36. g4 e5 37. Ng7+ Ke7 38. Nf5+ Ke6 39. Kf2 h5 40. h3 hxg4 41.
hxg4 Ra4 42. Kf3 Ra3 43. Ra8 d4 44. a7 Nb6 45. Rb8 Rxa7 46. Rxb6+ Kd5 47. Rd6+
Kc4 48. exd4 Ra3+ 49. Ke4 1-0

[Event "chess.com SpeedChess 2024"]
[Site "chess.com INT"]
[Date "2024.07.29"]
[Round "1.14"]
[White "Grischuk, Alexander"]
[Black "Firouzja, Alireza"]
[Result "1/2-1/2"]
[WhiteTitle "GM"]
[BlackTitle "GM"]
[WhiteElo "2708"]
[BlackElo "2744"]
[WhiteFideId "4126025"]
[BlackFideId "12573981"]
[EventDate "2024.07.25"]
[EventType "k.o."]

1. d4 Nf6 2. c4 e6 3. Nf3 d5 4. g3 Be7 5. Bg2 O-O 6. O-O dxc4 7. Qc2 a6 8. a4
Bd7 9. Qxc4 Bc6 10. Bg5 Bd5 11. Qc2 Be4 12. Qc1 Nc6 13. Nbd2 Nxd4 14. Nxd4 Bxg2
15. Nxe6 Qd6 16. Nxf8 Bxf1 17. Bxf6 gxf6 18. Nxf1 Bxf8 19. Qc2 Rd8 20. Ne3 Qe5
21. Rc1 c5 22. Qb3 Qe4 23. Rc4 Rd4 24. Rxd4 cxd4 25. Qc2 f5 26. Qxe4 fxe4 27.
Nf5 Bc5 28. Kf1 f6 29. f3 exf3 30. exf3 d3 31. Ke1 Bb4+ 32. Kf2 Bc5+ 33. Ke1
Bb4+ 34. Kf2 Bc5+ 35. Ke1 1/2-1/2

[Event "chess.com SpeedChess 2024"]
[Site "chess.com INT"]
[Date "2024.07.29"]
[Round "1.15"]
[White "Firouzja, Alireza"]
[Black "Grischuk, Alexander"]
[Result "1-0"]
[WhiteTitle "GM"]
[BlackTitle "GM"]
[WhiteElo "2744"]
[BlackElo "2708"]
[WhiteFideId "12573981"]
[BlackFideId "4126025"]
[EventDate "2024.07.25"]
[EventType "k.o."]

1. e4 e6 2. d4 d5 3. e5 c5 4. c3 Nc6 5. Nf3 Qb6 6. a3 Bd7 7. b4 cxd4 8. cxd4 Rc8
9. Bb2 Nge7 10. Nc3 Na5 11. Na4 Qc6 12. Nc5 Nc4 13. Bc1 b6 14. Nxd7 Qxd7 15. Bd3
b5 16. h4 Nc6 17. h5 h6 18. Rh4 a6 19. Rg4 Kd8 20. g3 Kc7 21. Kf1 Kb7 22. Kg2
Rc7 23. Nd2 f6 24. exf6 gxf6 25. Nb3 e5 26. dxe5 fxe5 27. Rg6 e4 28. Rxh6 Rg8
29. Bc2 N6e5 30. Rf6 Be7 31. Rf4 Qd6 32. a4 Rd8 33. axb5 axb5 34. Nc5+ Rxc5 35.
bxc5 Qxc5 36. Rf5 Qc6 37. Rxe5 Nxe5 38. Qd4 Bd6 39. Bb3 Bb8 40. Be3 Nf3 41. Qg7+
Rd7 42. Qg6 d4 43. Bh6 d3 44. Rc1 Qxg6 45. hxg6 Be5 46. Be6 Re7 47. Bf5 d2 48.
Bxe4+ Kb8 49. Rd1 Ne1+ 50. Kf1 Bc3 51. Bf4+ Ka7 52. Bxd2 Bxd2 53. Rxd2 Rxe4 54.
g7 Rg4 55. Rd7+ Kb6 56. Kxe1 b4 57. Rd4 Rxg7 58. Rxb4+ Kc5 59. Re4 1-0

[Event "chess.com SpeedChess 2024"]
[Site "chess.com INT"]
[Date "2024.07.29"]
[Round "1.16"]
[White "Grischuk, Alexander"]
[Black "Firouzja, Alireza"]
[Result "0-1"]
[WhiteTitle "GM"]
[BlackTitle "GM"]
[WhiteElo "2708"]
[BlackElo "2744"]
[WhiteFideId "4126025"]
[BlackFideId "12573981"]
[EventDate "2024.07.25"]
[EventType "k.o."]

1. d4 Nf6 2. c4 e6 3. Nf3 d5 4. g3 Be7 5. Bg2 O-O 6. O-O c6 7. Qc2 Nbd7 8. Nbd2
b6 9. e4 Ba6 10. b3 Rc8 11. Rd1 dxe4 12. Nxe4 Nxe4 13. Qxe4 b5 14. Qc2 bxc4 15.
bxc4 Qa5 16. c5 Nf6 17. Bg5 h6 18. Bxf6 Bxf6 19. Ne5 Bxe5 20. dxe5 Rb8 21. a3
Bb5 22. a4 Ba6 23. h4 Rb4 24. Qc3 Bc4 25. Bxc6 Qxc5 26. Bb5 Rc8 27. Rac1 a5 28.
Qd4 Qd5 29. Qf4 Qxd1+ 30. Rxd1 Bxb5 31. Qe3 Bxa4 32. Ra1 Bc6 33. h5 Bd5 34. f3
a4 35. g4 Rb3 36. Qd4 Rxf3 37. Rxa4 Rg3+ 38. Kf2 Rg2+ 39. Ke3 Rg3+ 40. Kf2 Rf3+
41. Ke2 Rc2+ 42. Ke1 Rh3 43. Kd1 Rg2 0-1

[Event "chess.com SpeedChess 2024"]
[Site "chess.com INT"]
[Date "2024.07.29"]
[Round "1.17"]
[White "Firouzja, Alireza"]
[Black "Grischuk, Alexander"]
[Result "0-1"]
[WhiteTitle "GM"]
[BlackTitle "GM"]
[WhiteElo "2744"]
[BlackElo "2708"]
[WhiteFideId "12573981"]
[BlackFideId "4126025"]
[EventDate "2024.07.25"]
[EventType "k.o."]

1. e4 e6 2. d4 d5 3. e5 c5 4. c3 Nc6 5. Nf3 Qb6 6. a3 c4 7. g3 Na5 8. Nbd2 Bd7
9. h4 Ne7 10. Bh3 h6 11. O-O O-O-O 12. Ne1 Kb8 13. Ng2 Qc7 14. Ne3 Nc8 15. f4 g6
16. h5 Nb6 17. hxg6 fxg6 18. Nf3 Be7 19. Ng4 Rdf8 20. Be3 h5 21. Ngh2 Bd8 22.
Qc2 Rhg8 23. Ng5 Qc6 24. Nhf3 Nc8 25. Nh7 Rf7 26. Nfg5 Bxg5 27. Nxg5 Rff8 28.
Nh7 Rf7 29. Nf6 Rgg7 30. g4 hxg4 31. Bxg4 Ne7 32. Kf2 Ng8 33. Nxg8 Rxg8 34. Kg3
Qc8 35. Rh1 Nc6 36. Rag1 Ne7 37. Qh2 a6 38. Qh4 Qc7 39. Qg5 Qb6 40. Rg2 Ka7 41.
Rh6 Rgg7 42. Kh2 Nf5 43. Rh3 Ba4 44. Bg1 Bb3 45. Kh1 Ba2 46. Bd1 Bb1 47. Bc2
Bxc2 48. Rxc2 Qb3 49. Rhh2 Rh7 50. Rg2 Qd1 51. Rf2 Rxh2+ 52. Kxh2 Rh7+ 53. Kg2
Ne3+ 0-1

[Event "chess.com SpeedChess 2024"]
[Site "chess.com INT"]
[Date "2024.07.29"]
[Round "1.18"]
[White "Grischuk, Alexander"]
[Black "Firouzja, Alireza"]
[Result "0-1"]
[WhiteTitle "GM"]
[BlackTitle "GM"]
[WhiteElo "2708"]
[BlackElo "2744"]
[WhiteFideId "4126025"]
[BlackFideId "12573981"]
[EventDate "2024.07.25"]
[EventType "k.o."]

1. d4 Nf6 2. c4 e6 3. Nf3 d5 4. g3 Be7 5. Bg2 O-O 6. O-O dxc4 7. Qc2 a6 8. a4
Bd7 9. Qxc4 Bc6 10. Bg5 Bd5 11. Qc2 Be4 12. Qc1 Nc6 13. e3 Bb4 14. Nc3 Bxc3 15.
bxc3 Qd5 16. Bxf6 Bxf3 17. c4 Qe4 18. Bxf3 Qxf3 19. Bg5 f6 20. Bf4 e5 21. Qd1
Qxd1 22. Rfxd1 exf4 23. gxf4 Na5 24. c5 b5 25. cxb6 cxb6 26. Rab1 Rab8 27. Rdc1
f5 28. Kg2 Rf6 29. Rc7 Rc6 30. Ra7 Nc4 31. Rxa6 Rg6+ 32. Kh1 Nd2 33. Rg1 Rc6 34.
Kg2 Rc2 35. Ra7 Ne4 36. Kh3 Nxf2+ 37. Kh4 g6 38. Rg2 Rbc8 39. Rb7 Ne4 0-1

[Event "chess.com SpeedChess 2024"]
[Site "chess.com INT"]
[Date "2024.07.29"]
[Round "1.19"]
[White "Firouzja, Alireza"]
[Black "Grischuk, Alexander"]
[Result "0-1"]
[WhiteTitle "GM"]
[BlackTitle "GM"]
[WhiteElo "2744"]
[BlackElo "2708"]
[WhiteFideId "12573981"]
[BlackFideId "4126025"]
[EventDate "2024.07.25"]
[EventType "k.o."]

1. e4 e5 2. Nf3 Nc6 3. Bb5 Nf6 4. O-O Nxe4 5. d4 Nd6 6. Bxc6 dxc6 7. dxe5 Nf5 8.
Qxd8+ Kxd8 9. h3 h6 10. Nc3 Bd7 11. b3 Kc8 12. Bb2 b6 13. Rad1 c5 14. Nd5 a5 15.
g4 Ne7 16. Nf4 a4 17. Rfe1 axb3 18. axb3 Ra2 19. Rb1 Kb7 20. e6 Bxe6 21. Nxe6
fxe6 22. Ne5 Rg8 23. Nd3 Nc6 24. Rxe6 Bd6 25. Rg6 Nd4 26. Kf1 Nxc2 27. Nc1 Na3
28. Nxa2 Nxb1 29. Rxg7 Re8 30. Bc1 Ra8 31. Bxh6 Rxa2 32. h4 Nd2+ 33. Bxd2 Rxd2
34. h5 Be5 35. Rf7 b5 36. Rf5 Bd4 37. h6 Kc6 38. g5 c4 39. bxc4 bxc4 40. g6 c3
41. g7 c2 42. g8=Q c1=Q+ 43. Kg2 Bxf2 44. Qg6+ Rd6 45. Qg4 Qg1+ 46. Kh3 Qh1# 0-1

[Event "chess.com SpeedChess 2024"]
[Site "chess.com INT"]
[Date "2024.07.29"]
[Round "1.20"]
[White "Grischuk, Alexander"]
[Black "Firouzja, Alireza"]
[Result "0-1"]
[WhiteTitle "GM"]
[BlackTitle "GM"]
[WhiteElo "2708"]
[BlackElo "2744"]
[WhiteFideId "4126025"]
[BlackFideId "12573981"]
[EventDate "2024.07.25"]
[EventType "k.o."]

1. d4 Nf6 2. c4 e6 3. Nf3 d6 4. g3 g6 5. Bg2 Bg7 6. Nc3 O-O 7. O-O c5 8. dxc5
dxc5 9. Qxd8 Rxd8 10. Be3 Na6 11. Ne5 Nd7 12. Nxd7 Rxd7 13. Rfd1 Bd4 14. Bxd4
cxd4 15. Nb5 e5 16. f4 f6 17. fxe5 fxe5 18. e3 Nb4 19. exd4 a6 20. Nc3 Rxd4 21.
Rxd4 exd4 22. Nd5 Nc6 23. Nb6 Rb8 24. Nxc8 Rxc8 25. Rd1 Rd8 26. Bxc6 bxc6 27. b4
Kf7 28. Kf2 Ke6 29. Ke2 a5 30. a3 axb4 31. axb4 Rb8 32. Rb1 c5 33. b5 Kd6 34.
Kd3 Ra8 35. b6 Rb8 36. h4 Kc6 37. Rf1 Kxb6 38. Rf6+ Ka5 39. Rc6 Rb3+ 40. Ke4 Kb4
41. Kd5 d3 0-1

[Event "chess.com SpeedChess 2024"]
[Site "chess.com INT"]
[Date "2024.07.29"]
[Round "1.21"]
[White "Firouzja, Alireza"]
[Black "Grischuk, Alexander"]
[Result "1-0"]
[WhiteTitle "GM"]
[BlackTitle "GM"]
[WhiteElo "2744"]
[BlackElo "2708"]
[WhiteFideId "12573981"]
[BlackFideId "4126025"]
[EventDate "2024.07.25"]
[EventType "k.o."]

1. e4 e5 2. Nf3 Nc6 3. Bb5 Nf6 4. O-O Nxe4 5. d4 Nd6 6. Bxc6 dxc6 7. dxe5 Nf5 8.
Qxd8+ Kxd8 9. h3 h6 10. Nc3 Bd7 11. b3 Kc8 12. Bb2 b6 13. Rad1 c5 14. g4 Ne7 15.
Kg2 Be6 16. Kg3 Kb7 17. Ne1 g5 18. Ng2 Ng6 19. Ne4 a5 20. h4 gxh4+ 21. Nxh4 Nxh4
22. Kxh4 Be7+ 23. Nf6 Bxf6+ 24. exf6 Rhg8 25. Rg1 a4 26. f4 axb3 27. axb3 Ra2
28. Be5 Rxc2 29. f5 Bc8 30. Kh5 Re2 31. Rde1 Rd2 32. Bf4 Rd4 33. Bxh6 Rd3 34.
Bg7 Rgd8 35. Re7 R8d7 36. Rge1 b5 37. Kh6 c4 38. bxc4 bxc4 39. Kh7 c3 40. Kg8 c2
41. Rc1 Rc3 42. Rxd7 Bxd7 43. Kxf7 Rg3 44. Ke7 1-0

[Event "chess.com SpeedChess 2024"]
[Site "chess.com INT"]
[Date "2024.07.29"]
[Round "1.22"]
[White "Grischuk, Alexander"]
[Black "Firouzja, Alireza"]
[Result "1/2-1/2"]
[WhiteTitle "GM"]
[BlackTitle "GM"]
[WhiteElo "2708"]
[BlackElo "2744"]
[WhiteFideId "4126025"]
[BlackFideId "12573981"]
[EventDate "2024.07.25"]
[EventType "k.o."]

1. d4 Nf6 2. c4 e6 3. Bg5 c5 4. d5 h6 5. Bf4 exd5 6. cxd5 g5 7. Bc1 Bg7 8. Nc3
b5 9. Nxb5 Qa5+ 10. Nc3 Ne4 11. Bd2 Nxc3 12. bxc3 Bxc3 13. Nf3 d6 14. Rc1 Bxd2+
15. Nxd2 Bf5 16. h4 g4 17. Rc4 Nd7 18. e4 Bh7 19. Ra4 Qc3 20. Bb5 g3 21. O-O Rg8
22. Nf3 f6 23. Qe2 gxf2+ 24. Rxf2 Rg7 25. Ra6 O-O-O 26. Rxa7 Kb8 27. Rxd7 Rdxd7
28. Bxd7 Rxd7 29. Qa6 Bxe4 30. Qb5+ Kc8 31. Nd2 Bxd5 32. a4 Kc7 33. a5 Qb4 34.
Qd3 Bc6 35. a6 Re7 36. Rxf6 Qd4+ 37. Qxd4 cxd4 38. Rf4 Re2 39. Rxd4 Rxg2+ 40.
Kf1 Rh2 41. a7 Kb7 42. Rxd6 Bb5+ 43. Kg1 Rxh4 44. Rb6+ Kxa7 45. Rxb5 Ka6 46. Rd5
Kb6 47. Kf2 Kc6 48. Rf5 Rd4 49. Nf3 Rd5 50. Rf4 Rd6 51. Ke3 Kd5 52. Rf5+ Ke6 53.
Rh5 Kf7 54. Kf4 Kg7 55. Ra5 Rf6+ 56. Kg4 Rg6+ 57. Kh5 Rf6 58. Nh4 Kf7 59. Nf5
Ke6 60. Nxh6 Rf1 61. Kg5 Rg1+ 62. Ng4 Rd1 63. Re5+ Kd6 64. Re2 Rd4 65. Ne3 Rd3
66. Nf5+ Kd5 67. Kf4 Ra3 68. Rd2+ Kc5 69. Ne3 Ra8 70. Rc2+ Kd4 71. Rd2+ Kc5 72.
Ng4 Ra1 73. Ke4 Ra4+ 74. Kf5 Ra1 75. Ne3 Ra8 76. Rd5+ Kc6 77. Rd3 Re8 78. Ng4
Re1 79. Ne5+ Kc5 80. Ke6 Re4 81. Rd5+ Kb4 82. Kd6 Kc3 83. Kc5 Re3 84. Nc6 Re4
85. Nd4 Re3 86. Rh5 Rd3 87. Nc6 Re3 88. Nb4 Rg3 89. Rh4 Kb3 90. Nd5 Rd3 91. Rb4+
Kc2 92. Kc4 Rh3 93. Ra4 Rh4+ 94. Kb5 Rxa4 95. Kxa4 1/2-1/2

[Event "chess.com SpeedChess 2024"]
[Site "chess.com INT"]
[Date "2024.07.29"]
[Round "1.23"]
[White "Firouzja, Alireza"]
[Black "Grischuk, Alexander"]
[Result "0-1"]
[WhiteTitle "GM"]
[BlackTitle "GM"]
[WhiteElo "2744"]
[BlackElo "2708"]
[WhiteFideId "12573981"]
[BlackFideId "4126025"]
[EventDate "2024.07.25"]
[EventType "k.o."]

1. e4 e5 2. Nf3 Nc6 3. Bb5 Nf6 4. O-O Nxe4 5. d4 Nd6 6. Bxc6 dxc6 7. dxe5 Nf5 8.
Qxd8+ Kxd8 9. h3 h6 10. Nc3 Bd7 11. b3 Kc8 12. Bb2 b6 13. Rad1 c5 14. g4 Ne7 15.
Kg2 a5 16. a4 Be6 17. Kg3 Kb7 18. Ne2 g5 19. h4 gxh4+ 20. Nxh4 h5 21. g5 Rg8 22.
f4 Nf5+ 23. Nxf5 Bxf5 24. Rd2 Be7 25. Kh4 Rad8 26. Rxd8 Rxd8 27. Ng3 Bxc2 28. f5
Bxb3 29. Rf2 Rd3 30. e6 Bxg5+ 31. Kxg5 Rxg3+ 32. Kh4 Rg8 33. e7 Bxa4 34. Rd2 Kc8
35. Bf6 Bd7 36. Kxh5 a4 37. Kh6 b5 38. Kh7 Rg1 39. Rd5 c4 40. Bg7 a3 41. Kg8 a2
42. Kf8 Re1 43. Bc3 Re3 44. Be5 Rxe5 45. Rd1 b4 46. f6 b3 47. Kxf7 b2 48. Kg7
b1=Q 49. f7 Qxd1 50. f8=Q+ Kb7 51. Qf3+ Qxf3 52. e8=Q Bxe8 53. Kh6 Qf6+ 54. Kh7
Rh5+ 0-1

[Event "chess.com SpeedChess 2024"]
[Site "chess.com INT"]
[Date "2024.07.29"]
[Round "1.24"]
[White "Grischuk, Alexander"]
[Black "Firouzja, Alireza"]
[Result "1-0"]
[WhiteTitle "GM"]
[BlackTitle "GM"]
[WhiteElo "2708"]
[BlackElo "2744"]
[WhiteFideId "4126025"]
[BlackFideId "12573981"]
[EventDate "2024.07.25"]
[EventType "k.o."]

1. d4 Nf6 2. c4 e6 3. Bg5 c5 4. d5 d6 5. Bxf6 Qxf6 6. Nc3 exd5 7. Nxd5 Qd8 8. g3
Nd7 9. Bg2 Nb6 10. e3 Nxd5 11. Bxd5 Qa5+ 12. Qd2 Qxd2+ 13. Kxd2 Be7 14. Ne2 Bf6
15. Nc3 Rb8 16. Rad1 Ke7 17. h4 Bd7 18. Kc2 Bxc3 19. Kxc3 f6 20. Rd2 b5 21. cxb5
Rxb5 22. Rhd1 Rb6 23. e4 a5 24. f4 Bg4 25. Re1 Rd8 26. e5 dxe5 27. fxe5 f5 28.
Re3 Rb4 29. Red3 h6 30. b3 g5 31. hxg5 hxg5 32. Bc4 Rxd3+ 33. Rxd3 f4 34. gxf4
gxf4 35. Rd6 f3 36. Rg6 Bh5 37. Rg7+ Ke8 38. Rg5 Bf7 39. e6 Bxe6 40. Bxe6 Re4
41. Bc4 Rf4 42. Rxc5 f2 43. Bf1 Ke7 44. Rxa5 1-0

[Event "chess.com SpeedChess 2024"]
[Site "chess.com INT"]
[Date "2024.07.29"]
[Round "1.1"]
[White "So, Wesley"]
[Black "Lazavik, Denis"]
[Result "1/2-1/2"]
[WhiteTitle "GM"]
[BlackTitle "GM"]
[WhiteElo "2757"]
[BlackElo "2578"]
[WhiteFideId "5202213"]
[BlackFideId "13515110"]
[EventDate "2024.07.25"]
[EventType "k.o."]

1. e4 e5 2. Nf3 Nc6 3. Bb5 Nf6 4. O-O Nxe4 5. Re1 Nd6 6. Nxe5 Be7 7. Bf1 Nxe5 8.
Rxe5 O-O 9. d4 Bf6 10. Re2 b6 11. Re1 Bb7 12. c3 Re8 13. Bf4 Ne4 14. Na3 Bg5 15.
Qg4 Bxf4 16. Qxf4 Qf6 17. Qxf6 Nxf6 18. Rxe8+ Nxe8 19. Nc4 d6 20. a4 a5 21. Na3
Kf8 22. g3 Rd8 23. Bh3 Bc6 24. Nb5 Bxb5 25. axb5 Nf6 26. Bg2 Re8 27. Kf1 d5 28.
h4 Ke7 29. Re1+ Kd6 30. Rxe8 Nxe8 31. Ke2 Ke6 32. Bh3+ Ke7 33. Bg2 Ke6 34. Bh3+
Ke7 35. Bg2 Ke6 1/2-1/2

[Event "chess.com SpeedChess 2024"]
[Site "chess.com INT"]
[Date "2024.07.29"]
[Round "1.2"]
[White "Lazavik, Denis"]
[Black "So, Wesley"]
[Result "1-0"]
[WhiteTitle "GM"]
[BlackTitle "GM"]
[WhiteElo "2578"]
[BlackElo "2757"]
[WhiteFideId "13515110"]
[BlackFideId "5202213"]
[EventDate "2024.07.25"]
[EventType "k.o."]

1. d4 Nf6 2. c4 e6 3. Nf3 d5 4. g3 dxc4 5. Bg2 c5 6. Qa4+ Nbd7 7. Qxc4 a6 8. Qc2
b5 9. Ne5 Nd5 10. Nc3 Nxe5 11. Nxd5 exd5 12. dxe5 Be6 13. O-O Rc8 14. Rd1 Qd7
15. Bf4 Be7 16. Bxd5 Bxd5 17. e4 Bxe4 18. Qxe4 Qe6 19. a4 b4 20. Rac1 O-O 21.
Qc4 Rfd8 22. Rxd8+ Rxd8 23. Qxe6 fxe6 24. Be3 Rd5 25. f4 g5 26. Kf2 g4 27. Ke2
Kf7 28. h3 h5 29. hxg4 hxg4 30. Rh1 Kg7 31. b3 a5 32. Rh5 Bd8 33. Rh1 Be7 34.
Rh5 Rd8 35. f5 exf5 36. Rxf5 Rd5 37. Rf4 Rxe5 38. Rxg4+ Kf7 39. Kd3 Ke6 40. Re4
Rxe4 41. Kxe4 Bd6 42. g4 Be7 43. Kd3 Kd5 44. g5 Bf8 45. g6 Bg7 46. Bf4 c4+ 47.
bxc4+ Kc6 48. Be3 b3 49. Bd2 b2 50. Kc2 Kc5 51. Bxa5 Kxc4 52. Bc7 Kb4 53. a5 Kb5
54. Bb6 Ka6 55. Kb1 Kb5 56. Bc7 Bc3 57. Bd8 Kc6 58. a6 Bd4 59. Ba5 Bg7 60. Kc2
Bf6 61. Bd8 Be5 62. Be7 Bg7 63. Ba3 1-0

[Event "chess.com SpeedChess 2024"]
[Site "chess.com INT"]
[Date "2024.07.29"]
[Round "1.3"]
[White "So, Wesley"]
[Black "Lazavik, Denis"]
[Result "1/2-1/2"]
[WhiteTitle "GM"]
[BlackTitle "GM"]
[WhiteElo "2757"]
[BlackElo "2578"]
[WhiteFideId "5202213"]
[BlackFideId "13515110"]
[EventDate "2024.07.25"]
[EventType "k.o."]

1. e4 e5 2. Nf3 Nc6 3. Bc4 Bc5 4. c3 Nf6 5. d3 O-O 6. O-O d5 7. exd5 Nxd5 8. a4
Bf5 9. a5 a6 10. Re1 b5 11. axb6 Nxb6 12. Nbd2 Bxd3 13. Bxd3 Qxd3 14. Nxe5 Nxe5
15. Rxe5 Nd7 16. Re1 Rfe8 17. Nf1 Ne5 18. Be3 Bd6 19. Bd4 Qb5 20. Qc2 Nc6 21.
Rxe8+ Rxe8 22. Be3 Rb8 23. Nd2 Qxb2 24. Qxb2 Rxb2 25. Rxa6 Nb8 26. Ra8 Kf8 27.
Kf1 Ke7 28. Nc4 Rb1+ 29. Ke2 Nc6 30. Rh8 Ne5 31. Nxd6 cxd6 32. Rxh7 Rb2+ 33. Kd1
Kf6 34. Bd4 Kg6 35. Rh3 f6 36. Re3 Kf7 37. Re2 Rb1+ 38. Kc2 Rb7 39. h3 Nc4 40.
Kd3 d5 41. f4 Rb1 42. Ra2 Rf1 43. Bf2 Rd1+ 44. Ke2 Rc1 45. Bd4 Nd6 46. Ra5 Ne4
47. Ra7+ Kg6 48. Rc7 Rc2+ 49. Kf3 Nd2+ 50. Ke2 Ne4+ 51. Kf3 Nd2+ 52. Kg4 Ne4 53.
f5+ Kh7 54. Kf3 Nd2+ 55. Ke3 Ne4 56. g4 Rh2 57. Rd7 Rxh3+ 58. Ke2 Rh2+ 59. Ke3
Rh3+ 60. Ke2 Nxc3+ 61. Bxc3 Rxc3 62. Rxd5 1/2-1/2

[Event "chess.com SpeedChess 2024"]
[Site "chess.com INT"]
[Date "2024.07.29"]
[Round "1.4"]
[White "Lazavik, Denis"]
[Black "So, Wesley"]
[Result "1/2-1/2"]
[WhiteTitle "GM"]
[BlackTitle "GM"]
[WhiteElo "2578"]
[BlackElo "2757"]
[WhiteFideId "13515110"]
[BlackFideId "5202213"]
[EventDate "2024.07.25"]
[EventType "k.o."]

1. d4 Nf6 2. c4 e6 3. Nf3 d5 4. Nc3 Bb4 5. Bg5 h6 6. Bxf6 Qxf6 7. e3 O-O 8. Rc1
dxc4 9. Bxc4 c5 10. O-O cxd4 11. Ne4 Qe7 12. a3 Ba5 13. Qxd4 Rd8 14. Qe5 Bb6 15.
Bb5 Bd7 16. Bxd7 Nxd7 17. Qb5 Rac8 18. h3 Nc5 19. Nxc5 Rxc5 20. Rxc5 Qxc5 21.
Qxc5 Bxc5 22. Rc1 Bd6 23. Kf1 Kf8 24. Ke2 Ke7 25. Ne1 h5 26. Nd3 h4 27. a4 g5
28. b3 f5 29. Rc4 a6 30. f3 Rb8 31. e4 b5 32. Rc6 bxa4 33. bxa4 a5 34. e5 Bb4
35. Rc7+ Kf8 36. f4 Be7 37. fxg5 Bxg5 38. Nc5 Rb2+ 39. Kf3 Ke8 40. Nxe6 Rb3+ 41.
Ke2 Rb2+ 42. Kd3 Rxg2 43. Rg7 Rd2+ 44. Kc4 Be3 45. Nc7+ Kf8 46. Ne6+ Ke8 47.
Nc7+ Kd8 48. Ne6+ Ke8 1/2-1/2

[Event "chess.com SpeedChess 2024"]
[Site "chess.com INT"]
[Date "2024.07.29"]
[Round "1.5"]
[White "So, Wesley"]
[Black "Lazavik, Denis"]
[Result "1/2-1/2"]
[WhiteTitle "GM"]
[BlackTitle "GM"]
[WhiteElo "2757"]
[BlackElo "2578"]
[WhiteFideId "5202213"]
[BlackFideId "13515110"]
[EventDate "2024.07.25"]
[EventType "k.o."]

1. e4 e5 2. Nf3 Nc6 3. Bc4 Bc5 4. d3 Nf6 5. Bg5 h6 6. Bh4 Be7 7. Bg3 d6 8. a4
O-O 9. h3 Kh8 10. a5 a6 11. O-O Nh7 12. Nc3 f5 13. exf5 Bxf5 14. Nd5 Nf6 15. Re1
Nxd5 16. Bxd5 Qd7 17. c3 Bf6 18. Be4 Rae8 19. Qb3 Nd8 20. Bxf5 Qxf5 21. Re3 Qe6
22. Qa4 Qf7 23. Rae1 Re7 24. d4 exd4 25. Rxe7 Bxe7 26. Qxd4 Bf6 27. Qe4 Nc6 28.
Bh4 Nxa5 29. Bxf6 Qxf6 30. Nh4 Qxf2+ 31. Kh2 Rf6 32. Re2 Qf1 33. Re3 Nc6 34.
Ng6+ Rxg6 35. Qxg6 Ne5 36. Qe8+ Kh7 37. Rg3 Qf6 38. Qc8 h5 39. Qxb7 Qf4 40. Qxc7
Ng4+ 41. hxg4 h4 42. Qc6 Qxg3+ 43. Kh1 Qe1+ 44. Kh2 Qg3+ 45. Kh1 Qe1+ 46. Kh2
Qg3+ 1/2-1/2